Histoire de la médecine, depuis son origine jusqu'au dix-neuvième siècle / (Record no. 165702)

MARC details
000 -LEADER
campo de control de longitud fija 00970nam a22002295i 4500
001 - NÚMERO DE CONTROL
campo de control 165702
003 - IDENTIFICADOR DE NÚMERO DE CONTROL
campo de control ES-MaACL
005 - FECHA Y HORA DE LA ÚLTIMA TRANSACCIÓN
campo de control 20250714235856.0
008 - DATOS DE LONGITUD FIJA--INFORMACIÓN GENERAL
campo de control de longitud fija 000718m18151820fr |||| | fre d
040 ## - FUENTE DE CATALOGACIÓN
Centro catalogador/agencia de origen CCPB | B
Lengua de catalogación spa
Centro/agencia transcriptor CCPB | B
100 1# - ENTRADA PRINCIPAL--NOMBRE DE PERSONA
Nombre de persona Sprengel, Kurt.
9 (RLIN) 132872
245 10 - MENCIÓN DEL TÍTULO
Título Histoire de la médecine, depuis son origine jusqu'au dix-neuvième siècle /
Mención de responsabilidad, etc. par Kurt Sprengel ; traduite de l'allemand sur la seconde édition, par A. J. L. Jourdan ; et revue par E. F. M. Bosquillon.
260 ## - PUBLICACIÓN, DISTRIBUCIÓN, ETC.
Lugar de publicación, distribución, etc. A Paris :
Nombre del editor, distribuidor, etc. Deterville :
-- Th. Desoer,
Fecha de publicación, distribución, etc. 1815-1820.
300 ## - DESCRIPCIÓN FÍSICA
Extensión 9 v. ;
Dimensiones 20 cm.
596 #1 - NOTA AL PIE DE IMPRENTA
NOTA AL PIE DE IMPRENTA A partir del vol. VIII el pie de imprenta es "A Paris : Bèchet ; A Montpellier : A. Gabon.
650 04 - PUNTO DE ACCESO ADICIONAL DE MATERIA--TÉRMINO DE MATERIA
Término de materia o nombre geográfico como elemento de entrada Medicina-
Subdivisión de forma Historia
9 (RLIN) 14907
700 1# - ENTRADA AGREGADA--NOMBRE PERSONAL
Nombre de persona Jourdan, Antoine Jaques Louis.
9 (RLIN) 128369
700 1# - ENTRADA AGREGADA--NOMBRE PERSONAL
Nombre de persona Bosquillon, Édouard-François-Marie.
9 (RLIN) 155178
852 ## - LOCALIZACIÓN
Ubicación ES-MaACL
Número de control de estantería G-13008-16
Nota libre -- Enc. pasta española
Holdings
Estatus retirado Estado de pérdida Estado de daño No para préstamo Colección Biblioteca de origen Biblioteca actual Ubicación en estantería Fecha de adquisición Total de préstamos Signatura topográfica completa Código de barras Visto por última vez Precio de reemplazo Tipo de ítem Koha
        Libros del s. XIX Biblioteca del Ateneo de Madrid Biblioteca del Ateneo de Madrid Sala Pecera Planta 3 17/01/2008   G-13008-16 1173776 23/02/2023 23/02/2023 Libro impreso antiguo